Los Vikingos reyes de los mares

Uloženo v:
Podrobná bibliografie
Hlavní autor: Cohat, Yves (Autor)
Médium: Kniha
Jazyk:španělština
Vydáno: Madrid Aguilar 1990
Edice:Aguilar Universal Historia
Témata:
Tagy: Přidat tag
Žádné tagy, Buďte první, kdo vytvoří štítek k tomuto záznamu!

MARC

LEADER 00000nam a2200000 a 4500
001 UCY7474
003 CL-VaPUC
008 950614e19900000SP |||||||||||||||||spa|d
082 0 4 |a 948.022  |b COH  |2 21 
100 0 |a Cohat, Yves  |e author  |9 338001 
245 1 4 |a Los Vikingos reyes de los mares 
300 |a 176 p 
942 |c BK 
945 |d 19950614 00:00:00  |a rbrito 
260 |a Madrid  |b Aguilar  |c 1990 
650 0 |a Vikingos  |9 338002 
650 0 |a Historia  |9 255047 
583 |a last modification  |c 19950614 00:00:00  |k Rodrigo Vera 
490 0 |a Aguilar Universal Historia 
999 |c 234846  |d 234844 
952 |0 0  |1 0  |4 0  |6 948_022000000000000_COH_1990  |7 0  |8 A  |9 241600  |a BIBARQ  |b BIBARQ  |d 2019-11-18  |i 3090973  |l 2  |m 1  |o 948.022 COH 1990  |p 3090973  |r 2025-01-20  |s 2023-09-28  |w 2019-11-18  |y BK  |k ARQ